Report on the taccavi policy committee (Record no. 700686)

MARC details
000 -LEADER
fixed length control field 00672nam a2200241Ia 4500
003 - CONTROL NUMBER IDENTIFIER
control field OSt
005 - DATE AND TIME OF LATEST TRANSACTION
control field 20220927112826.0
008 - FIXED-LENGTH DATA ELEMENTS--GENERAL INFORMATION
fixed length control field 220926b |||||||| |||| 00| 0 eng d
037 ## - SOURCE OF ACQUISITION
Terms of availability Reports
040 ## - CATALOGING SOURCE
Original cataloging agency RTL
Transcribing agency RTL
Language of cataloging eng
041 ## - LANGUAGE CODE
Source of code eng
Language code of text/sound track or separate title eng
110 ## - MAIN ENTRY--CORPORATE NAME
Corporate name or jurisdiction name as entry element Madhya Pradesh Taccavi Policy
9 (RLIN) 384239
245 #0 - TITLE STATEMENT
Title Report on the taccavi policy committee
260 ## - PUBLICATION, DISTRIBUTION, ETC.
Date of publication, distribution, etc. 1954
300 ## - PHYSICAL DESCRIPTION
Extent 118p
Dimensions cm.
700 ## - ADDED ENTRY--PERSONAL NAME
Personal name Madhya Pradesh Taccavi Policy
9 (RLIN) 384240
942 ## - ADDED ENTRY ELEMENTS (KOHA)
Classification part "X9(J):6.252.N52t, J4/GD"
Koha item type
Holdings
Withdrawn status Lost status Damaged status Not for loan Home library Current library Date acquired Total Checkouts Full call number Barcode Date last seen Price effective from Koha item type
        Ratan Tata Library Ratan Tata Library 2022-09-27   "X9(J):6.252.N52t J4/GD" RT0415158 2022-09-27 2022-09-27  
Copyright @ Delhi University Library System